000 00635nam a2200205 a 4500
001 BRCA_8498
005 20190320210317.0
008 270516s2016----mx-a######---#000-0#spa-#
020 _a9786077805144
041 _aspa
044 _amx
050 4 _aNK5962
_b.M37 2016
245 1 0 _aDe marfil
_bdonación Laura Fernández Macgregor y Maza.
260 _aMéxico
_bFundación Carlos Slim
_c2016
300 _a218 p.
_bil. a color
_c29 cm.
500 _aIncluye Catálogo de obra y glosario
600 1 4 _aFernández Macgregor y Maza, Laura
_xColecciones de arte
_921296
650 1 4 _aMarfiles
_vCatálogos
_zAsia
_921297
942 _2lcc
_cB
999 _c8164
_d8164